| 000 | 01053nam a2200217 u 4500 | ||
|---|---|---|---|
| 001 | 000476185 | ||
| 003 | AM-YeHGA | ||
| 005 | 20250617134004.0 | ||
| 008 | 060222s1986 ||||||||||||||||||||rus d | ||
| 040 | _aAM-YeHGA | ||
| 041 | 0 | _arus | |
| 100 | 1 | _aМалышенко, Юрий Вениаминович | |
| 245 | 1 | 0 |
_aАвтоматизация диагностирования электронных устройств / _cЮ.В. Малышенко, В.П. Чипулис, С.Г. Шарпунов ; Под ред. В.П. Чипулиса. |
| 260 |
_aМосква : _bЭнергоатомиздат, _c1986. |
||
| 300 |
_a216 с. : _bил. |
||
| 504 | _aСписок лит. с. 207-213 | ||
| 650 | 1 | 4 | _aЭлектронные элементы, использующие свойства твердого тела. Полупроводниковая электроника |
| 700 | 1 |
_aЧипулис, Валерий Павлович _eавт _4aut _eред. _4edt |
|
| 700 | 1 | _aШаршунов, Сергей Георгиевич | |
| 090 | _c176008 | ||
| 999 |
_c174566 _d174566 |
||